Statistics for Countries That Currently Use The Pound

Click here to take the quiz!

General Stats

  • This quiz has been taken 20 times
  • The average score is 3 of 6

Answer Stats

Countries% Correct
United Kingdom
100%
Egypt
50%
South Sudan
50%
Sudan
50%
Lebanon
33%
Syria
28%

Score Distribution

Percentile by Number Answered

Percent of People with Each Score

Your Score History

You have not taken this quiz